00330nam a22001337a 4500003000700000005001700007008004100024082001600065100001400081245003400095260003900129300000800168650002000176MPLRDC20220104123927.0210129b ||||| |||| 00| 0 eng d a411.57 DYL  a杜友兰 a儿童意外灾害的预防c ab大成医学保健丛书出版c b平 a青少年教育